Som maskovaný cholerik

Podrobná bibliografia
Hlavní autori: Šumbera, Stanislav (ain), Ledecký, Janek, 1962- (Autor, uin)
Médium: Článok
Jazyk:slovenčina
Fyzický popis:Fotogr.
ISSN:0044-1953
Predmet:

MARC

LEADER 00000nab a2200000 a 4500
001 vtls000766301
003 SK-MaSNL
005 20260302152922.0
008 160324c2001 xo 0 slo
015 |a SNBRB2001/09-24585 
035 |a CLN000118088 
040 |a SNKBUCL  |b slo  |c SNKBUCL  |e AACR2 
041 0 |a slo 
044 |a xo  |c SK 
080 |a 78.071.1/.2:784.66  |2 1997 
080 |a 784.66  |2 1997 
100 1 |a Šumbera, Stanislav  |4 ain  |9 847083 
245 1 0 |a Som maskovaný cholerik  |c Stanislav Šumbera, Janek Ledecký 
300 |b Fotogr. 
600 1 7 |a Ledecký, Janek,  |d 1962-  |2 snkbucl  |9 243604 
655 7 |a články z novín a časopisov  |2 snkbucl  |9 267496 
700 1 |a Ledecký, Janek,  |d 1962-  |4 aut  |4 uin  |9 243604 
773 0 |x 0044-1953  |t Zdravie  |g Roč. 57, č. 4 (2001), s. 52-53 
850 |a Slovenská národná knižnica v Martine 
852 |a SNK  |b KIS3GCP 
958 |a CZ 
958 |a RBX 
999 |c 1363909  |d 1365839